000 00600cam a22002173a 4500
001 45070
003 PGUSA
005 20140828084030.0
008 140307s2014||||xxu|||||s|||||000 | eng d
040 _aPGUSA
_beng
042 _adc
100 1 _aBudlong, Maud Gridley
245 1 0 _aBobbie Bubbles
_h[electronic resource] /
_cMaud Gridley Budlong
260 _bProject Gutenberg,
_c2014
506 _aPublic domain in the USA.
516 _aElectronic text
700 1 _aSherwood, E. Hugh
830 0 _aProject Gutenberg
_v45070
856 4 0 _uhttp://www.gutenberg.org/ebooks/45070
942 _cEB
999 _c274321
_d274321